[Event "Hansa Dortmund- Münster"]
[Site "?"]
[Date "2022.11.06"]
[Round "4.4"]
[White "Sundorf, Jannik"]
[Black "Wilde, Pierre"]
[Result "0-1"]
[WhiteElo "2189"]
[BlackElo "2261"]
[PlyCount "54"]
[SourceVersionDate "2023.06.22"]

1. d4 e6 2. c4 Nf6 3. g3 Bb4+ 4. Bd2 Qe7 5. Bg2 Nc6 6. Nf3 Bxd2+ 7. Qxd2 Ne4 8.
Qc2 Qb4+ 9. Nc3 Nxc3 10. Qxc3 Qxc3+ 11. bxc3 d6 12. Rb1 Rb8 13. Nd2 Na5 14. c5
dxc5 15. dxc5 b6 16. cxb6 cxb6 17. Nb3 Nc4 18. Nd4 Bd7 19. Rb4 Rc8 20. Bc6 Nd6
21. Bxd7+ Kxd7 22. Rb3 Ne4 23. Ra3 a5 24. Nb5 Rc5 25. Rb3 Rhc8 26. O-O Nd2 27.
Rd1 Rd5 0-1

[Event "Hansa Dortmund- Münster"]
[Site "?"]
[Date "2022.11.06"]
[Round "4.5"]
[White "Wichtrup, Jan- Louis"]
[Black "Linker, Walter"]
[Result "1/2-1/2"]
[WhiteElo "2139"]
[BlackElo "2048"]
[Annotator "daniel"]
[PlyCount "77"]
[SourceVersionDate "2023.06.22"]

1. d4 Nf6 2. c4 e5 3. dxe5 Ng4 4. e3 Nxe5 5. Nh3 Ng6 6. Nc3 d6 7. Qh5 Bxh3 8.
Qxh3 Qd7 9. Qh5 Na6 10. b3 Nb4 11. Qd1 Be7 12. Bb2 Bf6 13. Be2 O-O 14. O-O Rfe8
15. Qd2 a5 16. Rad1 Rad8 17. h3 c6 18. a3 Na6 19. Qc2 Qc7 20. Rd2 Nc5 21. Rb1
Qe7 22. b4 axb4 23. axb4 Na6 $11 24. Bc1 Be5 25. b5 Nc5 26. bxc6 bxc6 27. Bf3
Bxc3 28. Qxc3 Ne5 29. Ba3 Nxf3+ 30. gxf3 Qg5+ 31. Kh2 Qf5 32. Rg1 Ne6 33. f4 d5
34. cxd5 cxd5 35. Qd3 Qh5 36. Qb5 Qf5 37. Qd3 Qh5 38. Qb5 Qf5 39. Qd3 1/2-1/2

[Event "Hansa Dortmund- Münster"]
[Site "?"]
[Date "2022.11.06"]
[Round "4.6"]
[White "Krueger, Simon"]
[Black "Rott, Georg"]
[Result "0-1"]
[WhiteElo "1997"]
[BlackElo "2126"]
[PlyCount "76"]
[SourceVersionDate "2023.06.22"]

1. d4 d5 2. Nf3 e6 3. c4 c5 4. cxd5 exd5 5. Nc3 Nc6 6. Bg5 Nf6 7. e3 Be6 8. Be2
c4 9. O-O Be7 10. b3 Qa5 11. Na4 b5 12. Nc5 Bxc5 13. Bxf6 Ba3 14. Bxg7 Rg8 15.
Ne5 Nb4 16. Bh6 f6 17. Bg4 Qb6 18. Bxe6 Qxe6 19. Qh5+ Ke7 20. Qh4 Qf5 21. bxc4
bxc4 22. Rab1 Kd6 23. e4 Qe6 24. exd5 Kxd5 25. Rfe1 Qf5 26. Bd2 a5 27. f3 h5
28. Nf7 Qxf3 29. g3 Rg4 30. Qxh5+ Kxd4 31. Be3+ Kc3 32. Rb3+ cxb3 33. Qc5+ Kd3
34. Qb5+ Kc3 35. Qc5+ Rc4 36. Qd6 bxa2 37. Qd2+ Kb3 38. Nd6 Rc2 0-1

[Event "Hansa Dortmund- Münster"]
[Site "?"]
[Date "2022.11.06"]
[Round "4.7"]
[White "Kamp, Christoph"]
[Black "Hillebrand, Carsten"]
[Result "1/2-1/2"]
[WhiteElo "2193"]
[BlackElo "1967"]
[PlyCount "46"]
[SourceVersionDate "2023.06.22"]

1. c4 g6 2. Nc3 Bg7 3. d4 Nf6 4. e4 d6 5. Be2 O-O 6. Nf3 e5 7. O-O Nc6 8. d5
Ne7 9. Ne1 Nd7 10. Nd3 f5 11. Bd2 f4 12. Bg4 Kh8 13. f3 Ng8 14. b4 Nh6 15. Be6
Nf7 16. Rc1 Ng5 17. Bxd7 Bxd7 18. c5 Nf7 19. a4 g5 20. c6 bxc6 21. dxc6 Bxc6
22. b5 Bb7 23. Nd5 Bxd5 1/2-1/2

[Event "Bochum- Erkenschwick"]
[Site "?"]
[Date "2022.11.06"]
[Round "4.1"]
[White "Nijboer, Friso"]
[Black "Schlawin, Marlon"]
[Result "1-0"]
[WhiteElo "2462"]
[BlackElo "2297"]
[PlyCount "77"]
[SourceVersionDate "2023.06.22"]

1. e4 Nf6 2. e5 Nd5 3. d4 d6 4. Nf3 g6 5. Bc4 Nb6 6. Bb3 Bg7 7. exd6 cxd6 8. a4
O-O 9. O-O Nc6 10. c3 e5 11. dxe5 dxe5 12. Qxd8 Rxd8 13. Ng5 Rd7 14. a5 Nd5 15.
Rd1 Nce7 16. Na3 h6 17. Ne4 a6 18. Nc4 Rc7 19. Nb6 Nxb6 20. axb6 Rd7 21. Rxd7
Bxd7 22. Nd6 Bc6 23. Nxf7 Kh7 24. Ra5 e4 25. g4 Re8 26. Be3 Nc8 27. Ra1 Bd7 28.
h3 Be6 29. Bxe6 Rxe6 30. Nd8 Re7 31. Rd1 Be5 32. Bc5 Bd6 33. Rxd6 Nxd6 34. Bxd6
e3 35. fxe3 Rd7 36. Bc7 Rd1+ 37. Kf2 Rb1 38. Nxb7 Rxb2+ 39. Kf3 1-0

[Event "Bochum- Erkenschwick"]
[Site "?"]
[Date "2022.11.06"]
[Round "4.2"]
[White "Tkachuk, Konstantyn"]
[Black "Jens, Jelmer"]
[Result "1/2-1/2"]
[WhiteElo "2255"]
[BlackElo "2393"]
[PlyCount "56"]
[SourceVersionDate "2023.06.22"]

1. e4 c5 2. c4 Nc6 3. Nc3 g6 4. g3 Bg7 5. Bg2 e6 6. Nge2 Nge7 7. d3 d6 8. O-O
O-O 9. Rb1 b6 10. a3 Bb7 11. b4 Qd7 12. f4 Rac8 13. Be3 Nd4 14. Bf2 f5 15. Rc1
Kh8 16. Nxd4 cxd4 17. Ne2 e5 18. Qb3 Ng8 19. exf5 Bxg2 20. Kxg2 Rxf5 21. Rce1
Rh5 22. Ng1 Qb7+ 23. Nf3 Rf8 24. Qd1 exf4 25. g4 Re5 26. Bxd4 Rxe1 27. Bxg7+
Kxg7 28. Rxe1 Nf6 1/2-1/2

[Event "Bochum- Erkenschwick"]
[Site "?"]
[Date "2022.11.06"]
[Round "4.3"]
[White "De Vreugt, Dennis"]
[Black "Hengelbrock, Joachim"]
[Result "1-0"]
[WhiteElo "2409"]
[BlackElo "2268"]
[Annotator "daniel"]
[PlyCount "114"]
[SourceVersionDate "2023.06.22"]

1. e4 g6 2. d4 Bg7 3. Nc3 c6 4. Nf3 d6 5. Be3 Nd7 6. Qd2 Qc7 7. Bd3 h6 8. O-O
Ngf6 9. h3 e5 10. a4 g5 11. a5 a6 12. dxe5 dxe5 13. Be2 Bf8 14. Rfd1 Be7 15.
Na4 Nxe4 16. Qd3 Nef6 17. Nb6 Rb8 18. Nxd7 Nxd7 19. Qf5 Nf6 20. Qxe5 Qxe5 21.
Nxe5 Nd5 22. Bd4 O-O 23. Bc4 Be6 24. Bxd5 cxd5 25. Re1 Rfe8 26. Re3 Rbc8 27. c3
Bd6 28. Rae1 Bxe5 29. Rxe5 Bd7 30. f4 gxf4 31. Kf2 Rxe5 32. Rxe5 Be6 33. Kf3
Rc4 34. Kxf4 Ra4 35. b4 Ra2 36. g4 Kh7 37. Re3 Kg6 38. Ke5 Bd7 39. Kd6 Bb5 40.
Rf3 Rh2 41. Be5 Rh1 42. Ke7 Rf1 43. Re3 f5 44. gxf5+ Rxf5 45. Ke6 Bc6 46. Bd4
Rf1 47. Rg3+ Kh5 48. Bf6 Re1+ 49. Kf7 Bd7 50. Rf3 Rh1 51. h4 Rh3 52. Rf2 Re3
53. Kg7 Bg4 54. Rf4 Re2 55. Rf1 Re3 56. Rg1 Re6 57. Rg3 Re4 {Rest nicht
nachvollziehbar!} 1-0

[Event "Bochum- Erkenschwick"]
[Site "?"]
[Date "2022.11.06"]
[Round "4.4"]
[White "Tkachuk, Sergij"]
[Black "Willemze, Thomas"]
[Result "1/2-1/2"]
[WhiteElo "2247"]
[BlackElo "2351"]
[PlyCount "73"]
[SourceVersionDate "2023.06.22"]

1. e4 c6 2. d4 d5 3. Nc3 dxe4 4. Nxe4 Nf6 5. Nxf6+ exf6 6. Be3 Bd6 7. Nf3 O-O
8. Qd2 Re8 9. Be2 Nd7 10. O-O Nf8 11. Rfe1 Ng6 12. c4 h5 13. Rad1 Qc7 14. h3
Bf5 15. Bd3 Bxd3 16. Qxd3 Qd7 17. a3 Rad8 18. Bd2 Rxe1+ 19. Rxe1 Bc7 20. Qe4
Bb6 21. Bc3 Bc7 22. Nh4 Nf4 23. Nf5 Qe6 24. Ne7+ Kh8 25. Qf3 Qxc4 26. Re4 Rd7
27. g3 Qd3 28. Re3 Qb1+ 29. Kh2 Bd8 30. Qxf4 Bxe7 31. Qb8+ Kh7 32. Qe8 Qf5 33.
Rxe7 Qxf2+ 34. Kh1 Qf1+ 35. Kh2 Qf2+ 36. Kh1 Qf3+ 37. Kh2 1/2-1/2

[Event "Bochum- Erkenschwick"]
[Site "?"]
[Date "2022.11.06"]
[Round "4.5"]
[White "Jonkman, Harmen"]
[Black "Werthebach, Felix"]
[Result "1/2-1/2"]
[WhiteElo "2336"]
[BlackElo "2235"]
[PlyCount "43"]
[SourceVersionDate "2023.06.22"]

1. e4 c5 2. Nf3 e6 3. c3 Nf6 4. e5 Nd5 5. Bc4 Nc6 6. O-O Be7 7. d4 cxd4 8. cxd4
d6 9. exd6 Bxd6 10. Nc3 O-O 11. Re1 h6 12. Ne4 Bc7 13. a3 Nf6 14. Nc3 a6 15.
Be3 Ne7 16. Qd2 Nf5 17. Bf4 Bxf4 18. Qxf4 Qd6 19. Re5 Ne7 20. Ne4 Nxe4 21. Qxe4
Bd7 22. Rd1 1/2-1/2

[Event "Bochum- Erkenschwick"]
[Site "?"]
[Date "2022.11.06"]
[Round "4.6"]
[White "Wuebker, Paul- Luca"]
[Black "Erwich, Marc"]
[Result "1-0"]
[WhiteElo "2157"]
[BlackElo "2363"]
[PlyCount "109"]
[SourceVersionDate "2023.06.22"]

1. d4 d5 2. c4 e6 3. Nc3 Nf6 4. Nf3 c6 5. e3 Bd6 6. Bd3 O-O 7. O-O Nbd7 8. e4
dxe4 9. Nxe4 Be7 10. Be3 b6 11. Qc2 Bb7 12. Nxf6+ Nxf6 13. c5 h6 14. Ne5 Nd5
15. Bd2 Qc7 16. f4 Bf6 17. Rae1 Rad8 18. Rf3 Ne7 19. Bc3 Bc8 20. g4 Bh4 21. Re2
f5 22. gxf5 b5 23. Qb3 a5 24. a3 a4 25. Qa2 Rd5 26. Be4 Bf6 27. Bxd5 exd5 28.
b3 Bxf5 29. bxa4 bxa4 30. Rb2 Kh7 31. Rb6 Be4 32. Rg3 Qc8 33. Qf2 g5 34. Bd2
Bxe5 35. dxe5 gxf4 36. Bxf4 Ng6 37. Qb2 Rf7 38. e6 Qxe6 39. Rb7 Qf5 40. Rxf7+
Qxf7 41. Be5 Qe7 42. Bd4 Bf5 43. h3 h5 44. Qf2 Be4 45. Qe2 Nf4 46. Qe3 Ne6 47.
Kh2 Qc7 48. h4 Qd8 49. Rh3 Qb8+ 50. Rg3 Qb1 51. Qg1 Qc2+ 52. Bf2 Bf5 53. Re3
Bg4 54. Qe1 Nxc5 55. Rc3 1-0

[Event "Bochum- Erkenschwick"]
[Site "?"]
[Date "2022.11.06"]
[Round "4.7"]
[White "Strozewski, Frank"]
[Black "Fistoul, Michail"]
[Result "1/2-1/2"]
[WhiteElo "2071"]
[BlackElo "2064"]
[PlyCount "181"]
[SourceVersionDate "2023.06.22"]

1. c4 e6 2. d4 f5 3. g3 d5 4. Nf3 Nf6 5. Bg2 c6 6. b3 Bd6 7. O-O O-O 8. Ba3 Qe7
9. Bxd6 Qxd6 10. Qc2 Ne4 11. Ne5 Nd7 12. Nxd7 Bxd7 13. Nd2 Be8 14. Rad1 Nxd2
15. Rxd2 f4 16. Qc3 Bh5 17. Bf3 Bg6 18. g4 Be4 19. Re1 Rf6 20. b4 Rh6 21. b5
Qe7 22. Bg2 Rf8 23. f3 Bg6 24. Rb2 Bf7 25. bxc6 bxc6 26. c5 e5 27. dxe5 Re6 28.
Reb1 Rxe5 29. Rb7 Qe6 30. Bf1 Re3 31. Qb4 Bg6 32. Rb2 Qe5 33. Rxa7 d4 34. Qb7
d3 35. exd3 Rxf3 36. Rf2 Rxf2 37. Kxf2 Qd4+ 38. Kg2 f3+ 39. Kg3 Qg1+ 40. Kh4
Qxh2+ 41. Bh3 Qf2+ 42. Kg5 Qxc5+ 43. Kh4 Qf2+ 44. Kg5 Qe3+ 45. Kh4 Qh6+ 46. Kg3
f2 47. Bf1 Qf4+ 48. Kh3 Qf3+ 49. Kh2 Bf7 50. Ra8 Bd5 51. Rxf8+ Qxf8 52. Qd7
Qf4+ 53. Kh3 h6 54. Qc8+ Kf7 55. Qd7+ Kg6 56. a3 Qf3+ 57. Kh4 Qh1+ 58. Kg3 Qg1+
59. Kf4 Qh2+ 60. Ke3 Qg3+ 61. Kd2 Qf4+ 62. Kc2 Kf6 63. Qd8+ Kf7 64. Qd7+ Kg6
65. Kc3 Qf6+ 66. Kd2 Kg5 67. Qf5+ Qxf5 68. gxf5 Kxf5 69. Ke3 c5 70. a4 Ke5 71.
Kxf2 Kd4 72. a5 Bb7 73. Kg3 Kc3 74. Kf4 Kb4 75. d4 cxd4 76. a6 Ba8 77. Bd3 Kc5
78. Ke5 h5 79. Kf5 h4 80. Kg4 g5 81. Bf1 Kb6 82. Kxg5 h3 83. Bxh3 Kxa6 84. Kf4
Kb5 85. Ke5 Kc4 86. Bf5 Kc3 87. Bh7 Bf3 88. Bg6 Bd1 89. Bf5 Be2 90. Bg6 Bd3 91.
Bh5 1/2-1/2

[Event "Porz 2- Lippstadt"]
[Site "?"]
[Date "2022.11.06"]
[Round "4.1"]
[White "Wehmeier, Stefan"]
[Black "Malykin, Vitaly"]
[Result "1/2-1/2"]
[WhiteElo "2413"]
[BlackElo "2334"]
[PlyCount "55"]
[SourceVersionDate "2023.06.22"]

1. d4 g6 2. c4 Bg7 3. Nc3 d6 4. e4 Nf6 5. Be2 O-O 6. h4 c5 7. d5 b5 8. cxb5 a6
9. a4 axb5 10. Bxb5 Ba6 11. Bxa6 Rxa6 12. h5 Nbd7 13. hxg6 hxg6 14. Qd3 Qc8 15.
Bh6 Bxh6 16. Rxh6 Ne5 17. Qg3 Qg4 18. Qxg4 Nfxg4 19. Rh3 Rb8 20. Ra2 c4 21.
Nge2 Nd3+ 22. Rxd3 cxd3 23. Nd4 Kg7 24. Nc6 Rb3 25. Nd4 Rb4 26. Nc6 Rb3 27. Nd4
Rb4 28. Nc6 1/2-1/2

[Event "Porz 2- Lippstadt"]
[Site "?"]
[Date "2022.11.06"]
[Round "4.2"]
[White "Pauly, Carlo"]
[Black "Jesse, Ingemars"]
[Result "1-0"]
[WhiteElo "2293"]
[BlackElo "2357"]
[PlyCount "95"]
[SourceVersionDate "2023.06.22"]

1. d4 d5 2. c4 c5 3. Nf3 cxd4 4. cxd5 Nf6 5. Qxd4 Qxd5 6. Nc3 Qxd4 7. Nxd4 a6
8. g3 e5 9. Nb3 Bd7 10. Bg5 Bc6 11. f3 Nbd7 12. Na5 Rc8 13. Bh3 Bb4 14. Bxf6
gxf6 15. Nxc6 Rxc6 16. Kf2 Bxc3 17. bxc3 Nc5 18. Rab1 Ke7 19. Bf5 h6 20. Rb4
Rd8 21. Rh4 Rh8 22. Rb1 Rc7 23. a4 Ne6 24. a5 Nc5 25. Rb6 Rc6 26. Rxc6 bxc6 27.
Rb4 Kd6 28. Rb6 Ra8 29. Be4 Rc8 30. Ke3 Na4 31. Rxa6 Nxc3 32. Kd3 Nxe4 33. Kxe4
Kc5 34. Ra7 Kb5 35. Rxf7 c5 36. Kd3 Rc6 37. Kc3 c4 38. Rh7 Kxa5 39. Rxh6 Kb5
40. Rh8 Ra6 41. Rb8+ Kc5 42. Rc8+ Kd5 43. Rxc4 Ra1 44. Rh4 Ra3+ 45. Kd2 f5 46.
Ke1 e4 47. fxe4+ fxe4 48. Kf2 1-0

[Event "Porz 2- Lippstadt"]
[Site "?"]
[Date "2022.11.06"]
[Round "4.3"]
[White "Wagner, Alexej"]
[Black "Marcziter, Dmitrii"]
[Result "1/2-1/2"]
[WhiteElo "2272"]
[BlackElo "2235"]
[PlyCount "75"]
[SourceVersionDate "2023.06.22"]

1. d4 d5 2. c4 e6 3. Nc3 c5 4. cxd5 exd5 5. Nf3 Nc6 6. g3 Nf6 7. Bg2 Be7 8. O-O
O-O 9. dxc5 Bxc5 10. a3 a5 11. Bg5 d4 12. Bxf6 Qxf6 13. Ne4 Qe7 14. Nxc5 Qxc5
15. Rc1 Qb6 16. Qc2 h6 17. Ne1 Re8 18. Nd3 Bf5 19. Qc5 Qxc5 20. Rxc5 Be4 21.
Bh3 Rad8 22. Rd1 g5 23. Kf1 Re7 24. Rdc1 Rde8 25. Rb5 Ne5 26. Nxe5 Rxe5 27.
Rxe5 Rxe5 28. Rd1 Rd5 29. f3 Bc2 30. Rd2 Bb3 31. Bc8 b6 32. Bb7 Rd7 33. Bc6 Rd6
34. Be4 Kf8 35. Bc2 Bc4 36. Bd3 Bb3 37. Bc2 Bc4 38. Bd3 1/2-1/2

[Event "Porz 2- Lippstadt"]
[Site "?"]
[Date "2022.11.06"]
[Round "4.4"]
[White "Gallasch, Jonas"]
[Black "Kruse, Janik"]
[Result "1-0"]
[WhiteElo "2282"]
[BlackElo "2188"]
[PlyCount "81"]
[SourceVersionDate "2023.06.22"]

1. d4 d5 2. Nf3 Nf6 3. g3 c6 4. Bg2 Bg4 5. O-O Nbd7 6. Nbd2 e6 7. b3 Be7 8. Bb2
h6 9. c4 O-O 10. Qe1 Bf5 11. Ne5 a5 12. e4 dxe4 13. Nxe4 Nxe4 14. Bxe4 Bxe4 15.
Qxe4 Nf6 16. Qc2 Bd6 17. Rfe1 Qe7 18. a4 Rfd8 19. f4 Qc7 20. Rad1 Bb4 21. Rf1
Bf8 22. f5 Re8 23. Rde1 Rad8 24. c5 Rd5 25. fxe6 Rxe6 26. Nc4 Qe7 27. Rxe6 Qxe6
28. Qc3 Ne4 29. Qe1 Ng5 30. Qxe6 Nxe6 31. Nxa5 Nxd4 32. Bxd4 Rxd4 33. Rc1 Rb4
34. Kf1 Be7 35. Rc4 Rxc4 36. bxc4 Bxc5 37. Nxb7 Ba7 38. Nd8 Kf8 39. Nxc6 Bc5
40. a5 Ke8 41. a6 1-0

[Event "Porz 2- Lippstadt"]
[Site "?"]
[Date "2022.11.06"]
[Round "4.5"]
[White "Besou, Hussain"]
[Black "Gluma, Christian"]
[Result "1/2-1/2"]
[WhiteElo "2217"]
[BlackElo "2069"]
[PlyCount "58"]
[SourceVersionDate "2023.06.22"]

1. e4 g6 2. d4 Bg7 3. Nc3 c6 4. h3 d5 5. e5 Nh6 6. g4 f6 7. f4 O-O 8. Be3 fxe5
9. fxe5 c5 10. dxc5 e6 11. Qd2 Nf7 12. Nf3 Nc6 13. O-O-O Nfxe5 14. Nxe5 Nxe5
15. Be2 Nc6 16. Nb5 b6 17. Kb1 Bd7 18. cxb6 axb6 19. c4 Ne7 20. cxd5 Nxd5 21.
Bd4 Nf6 22. Bc4 Bxb5 23. Bxb5 Qd5 24. a4 Ne4 25. Qb4 Bxd4 26. Bc4 Qc6 27. Bb5
Qd5 28. Bc4 Qc6 29. Bb5 Qd5 1/2-1/2

[Event "Porz 2- Lippstadt"]
[Site "?"]
[Date "2022.11.06"]
[Round "4.6"]
[White "Gallasch, Robin"]
[Black "Tran, Duc Cuong"]
[Result "0-1"]
[WhiteElo "2035"]
[BlackElo "2076"]
[PlyCount "60"]
[SourceVersionDate "2023.06.22"]

1. d4 Nf6 2. c4 e6 3. Nf3 b6 4. g3 Bb7 5. Bg2 Be7 6. O-O O-O 7. d5 exd5 8. Nh4
Ne4 9. cxd5 Bxh4 10. Bxe4 Bf6 11. Nc3 d6 12. Be3 Nd7 13. Qc2 h6 14. Rac1 a6 15.
Qd2 Re8 16. Bb1 Rc8 17. Rfd1 Bxc3 18. Rxc3 Nf6 19. Bxh6 gxh6 20. Qxh6 Ne4 21.
Rc4 Qf6 22. Qe3 Ng5 23. Qd3 Re5 24. Rd4 Rce8 25. f4 Rxe2 26. Rf1 Nh3+ 27. Kh1
Nf2+ 28. Rxf2 Rxf2 29. Re4 Rxe4 30. Qxe4 Qxb2 0-1

[Event "Porz 2- Lippstadt"]
[Site "?"]
[Date "2022.11.06"]
[Round "4.7"]
[White "Dzirkalis, Edvins"]
[Black "Sabirov, Rafael"]
[Result "0-1"]
[WhiteElo "2097"]
[BlackElo "1991"]
[PlyCount "104"]
[SourceVersionDate "2023.06.22"]

1. Nf3 c5 2. c4 Nc6 3. d4 cxd4 4. Nxd4 Nf6 5. Nc3 e6 6. g3 Qb6 7. Nb3 Ne5 8. e4
Bb4 9. Qe2 Qc6 10. f3 O-O 11. Bf4 Ng6 12. Bd2 Re8 13. e5 Ng4 14. Bf4 Nxf4 15.
gxf4 Nh6 16. Qe4 d5 17. exd6 Bxd6 18. Qxc6 bxc6 19. Ne2 e5 20. O-O-O Nf5 21.
Ng3 e4 22. Nxe4 Bxf4+ 23. Kb1 Ne3 24. Re1 Ba6 25. Na5 Re5 26. Nxc6 Rh5 27. b3
Bb7 28. Nb4 Nxf1 29. Rexf1 Re8 30. Re1 Bxe4+ 31. Rxe4 Rxe4 32. fxe4 Rxh2 33.
Rxh2 Bxh2 34. Kc2 h5 35. Nd3 Bg3 36. Kd2 g5 37. Ke2 Kf8 38. Kf3 Bc7 39. e5 Ke7
40. Ke4 Ke6 41. Nc5+ Ke7 42. Kf5 h4 43. Ne4 h3 44. b4 h2 45. Nf2 Kd7 46. b5 g4
47. Kxg4 Bxe5 48. Kf5 Bd4 49. Nh1 Kd6 50. Ke4 Kc5 51. Kd3 Bg1 52. a3 f5 0-1

[Event "Porz 2- Lippstadt"]
[Site "?"]
[Date "2022.11.06"]
[Round "4.8"]
[White "Sistig, Max"]
[Black "Kuehler, Andreas"]
[Result "1-0"]
[WhiteElo "1961"]
[BlackElo "2006"]
[Annotator "daniel"]
[PlyCount "103"]
[SourceVersionDate "2023.06.22"]

1. d4 Nf6 2. c4 e5 3. dxe5 Ng4 4. Bf4 g5 5. Bg3 Bg7 6. Nf3 Nc6 7. h4 Ngxe5 8.
Nxe5 Nxe5 9. h5 Nxc4 10. Nc3 O-O 11. h6 Bh8 12. Rc1 c6 13. e4 Ne5 $11 14. Qd2
d6 15. Rh5 Bf6 16. f3 Re8 17. Be2 Kh8 18. Rd1 Be6 19. Qxd6 Qxd6 20. Rxd6 Rad8
21. Rxd8 Rxd8 22. Bxe5 Bxe5 23. Rxg5 Bf4 24. Rh5 Bg3+ 25. Kf1 b6 26. e5 Bf4 27.
Kf2 Bc1 28. b3 Bb2 29. Ne4 Bd4+ 30. Kg3 Rg8+ 31. Kh2 Be3 32. g3 Rd8 33. Nd6 Rg8
34. Bc4 Rg6 35. Bxe6 fxe6 36. f4 Bf2 37. Rh3 Bc5 38. Ne4 Be7 39. Kg2 Rg8 40.
Rh1 Rd8 41. Rc1 c5 42. b4 Kg8 43. bxc5 bxc5 44. Kf3 Kf7 45. Nxc5 Rd2 46. Ne4
Rxa2 47. Rc7 Kf8 48. Nd6 Bxd6 49. exd6 Rd2 50. Rxh7 Rxd6 51. Rxa7 e5 52. h7 1-0

[Event "Bünde- Oberhausen"]
[Site "?"]
[Date "2022.11.06"]
[Round "4.1"]
[White "Becker, Marcel"]
[Black "Pieper- Emden, Carsten"]
[Result "1-0"]
[WhiteElo "2324"]
[BlackElo "2245"]
[PlyCount "59"]
[SourceVersionDate "2023.06.22"]

1. d4 d5 2. c4 dxc4 3. Nf3 Nf6 4. e3 Bg4 5. Bxc4 e6 6. h3 Bxf3 7. Qxf3 c6 8.
O-O Nbd7 9. Nc3 Be7 10. Rd1 O-O 11. e4 b5 12. Bb3 b4 13. Ne2 Qa5 14. Ng3 Rfd8
15. e5 Nd5 16. Ne4 c5 17. Ng5 Bxg5 18. Bxg5 Rdc8 19. Bxd5 exd5 20. Qxd5 Nb6 21.
Qe4 cxd4 22. Qxd4 f6 23. Bf4 Rc4 24. Qe3 Re8 25. Qb3 fxe5 26. Be3 Rec8 27. Rac1
Qb5 28. Bxb6 axb6 29. Rxc4 Qxc4 30. Rc1 1-0

[Event "Bünde- Oberhausen"]
[Site "?"]
[Date "2022.11.06"]
[Round "4.3"]
[White "Montignies, Rainer"]
[Black "Kettler, Ilja Jonas"]
[Result "1-0"]
[WhiteElo "2278"]
[BlackElo "2114"]
[PlyCount "61"]
[SourceVersionDate "2023.06.22"]

1. Nf3 d5 2. g3 g6 3. c4 c6 4. Qa4 dxc4 5. Qxc4 Bg7 6. Bg2 Nf6 7. O-O O-O 8. d3
Qd5 9. Qh4 Qh5 10. Qxh5 Nxh5 11. Nbd2 Nd7 12. Nc4 Nb6 13. Na5 Rb8 14. Rb1 Nd5
15. Bd2 Bd7 16. Rfc1 Rfc8 17. b4 b6 18. Nc4 c5 19. Nfe5 Be6 20. b5 Bf8 21. Nc6
Rb7 22. a4 Ng7 23. a5 Ne8 24. a6 Rbc7 25. Nxa7 Rxa7 26. Bxd5 Bxd5 27. Nxb6 Rb8
28. Nxd5 Nd6 29. Rxc5 Rxa6 30. bxa6 Rxb1+ 31. Rc1 1-0

[Event "Bünde- Oberhausen"]
[Site "?"]
[Date "2022.11.06"]
[Round "4.4"]
[White "Brunke, Christian"]
[Black "Kummerow, Heiko"]
[Result "0-1"]
[WhiteElo "2174"]
[BlackElo "2209"]
[PlyCount "40"]
[SourceVersionDate "2023.06.22"]

1. e4 e6 2. d4 d5 3. Nc3 Bb4 4. e5 c5 5. a3 Bxc3+ 6. bxc3 Ne7 7. h4 Qc7 8. Bd2
Nbc6 9. Qg4 Nf5 10. Bb5 Bd7 11. Ne2 Nxe5 12. Bxd7+ Nxd7 13. dxc5 Qxc5 14. Qf4
O-O 15. g4 Nd6 16. Be3 Qc6 17. h5 d4 18. O-O-O e5 19. Nxd4 Qxc3 20. Qh2 Nc4 0-1

[Event "Bünde- Oberhausen"]
[Site "?"]
[Date "2022.11.06"]
[Round "4.5"]
[White "Alkazashvili, Ololi"]
[Black "Moradi Kahlou, Benjamin"]
[Result "1/2-1/2"]
[WhiteElo "2193"]
[BlackElo "2060"]
[PlyCount "115"]
[SourceVersionDate "2023.06.22"]

1. e4 e5 2. Nf3 Nc6 3. Bb5 a6 4. Ba4 Nf6 5. d3 Bc5 6. c3 b5 7. Bb3 d6 8. h3 h6
9. O-O O-O 10. Nbd2 Bb7 11. Re1 Bb6 12. Nf1 Ne7 13. Ng3 Ng6 14. Nf5 Bc8 15. g4
Nh7 16. d4 Be6 17. Be3 Bxb3 18. axb3 Nf4 19. Bxf4 exf4 20. Qd2 Ng5 21. Kg2 Nxf3
22. Kxf3 g6 23. Nxh6+ Kg7 24. Qxf4 f6 25. Nf5+ gxf5 26. gxf5 Rg8 27. Qh4 Rh8
28. Qg4+ Kf8 29. Rg1 Qe7 30. Rg3 Qf7 31. b4 Ke7 32. Qg7 Rh7 33. Qxf7+ Kxf7 34.
Kg2 Rh5 35. Rg4 Rah8 36. h4 Rxh4 37. Rxh4 Rxh4 38. f3 Rh5 39. Rxa6 Ke7 40. Ra8
Rg5+ 41. Kf2 Rh5 42. Rg8 Kf7 43. Rg2 Rh1 44. Ke3 Rh4 45. Kd3 Rh3 46. Rf2 Rh1
47. Re2 Rh3 48. Ke3 Rh1 49. Rd2 Rh3 50. b3 Ke7 51. c4 c5 52. bxc5 dxc5 53. d5
bxc4 54. bxc4 Bc7 55. Ra2 Be5 56. Ra7+ Kd6 57. Ra6+ Ke7 58. Ra7+ 1/2-1/2

[Event "Bünde- Oberhausen"]
[Site "?"]
[Date "2022.11.06"]
[Round "4.6"]
[White "Hagemeier, Ulrich"]
[Black "Mancic, Ivan"]
[Result "0-1"]
[WhiteElo "2004"]
[BlackElo "2134"]
[PlyCount "86"]
[SourceVersionDate "2023.06.22"]

1. d4 Nf6 2. c4 g6 3. g3 c6 4. Bg2 d5 5. cxd5 cxd5 6. Nf3 Bg7 7. O-O Nc6 8. Nc3
Ne4 9. Bf4 Nxc3 10. bxc3 O-O 11. Qb3 Na5 12. Qb4 b6 13. Nd2 Bb7 14. e4 e6 15.
Rfe1 Re8 16. Rad1 Rc8 17. Qb2 Qd7 18. exd5 exd5 19. Nb3 Nc4 20. Qb1 Na3 21. Qd3
Nb5 22. Rxe8+ Qxe8 23. Rc1 Nxc3 24. Bf3 Ne4 25. Rxc8 Qxc8 26. Qb5 Bc6 27. Qd3
h6 28. Qc2 Qd7 29. Be5 Bf8 30. Bf4 Qe6 31. Be3 Bb5 32. Qc1 Ng5 33. Bg2 Qf5 34.
Bxg5 hxg5 35. Bf1 Bxf1 36. Kxf1 a5 37. Qc6 Qb1+ 38. Kg2 Qxa2 39. Qxb6 Qb1 40.
Qb5 Qe4+ 41. Kf1 Bb4 42. Qa4 Qh1+ 43. Ke2 Qe1+ 0-1

[Event "Bünde- Oberhausen"]
[Site "?"]
[Date "2022.11.06"]
[Round "4.7"]
[White "Nissen, Claus"]
[Black "Gudath, Reiner"]
[Result "1-0"]
[WhiteElo "2205"]
[BlackElo "1941"]
[PlyCount "91"]
[SourceVersionDate "2023.06.22"]

1. Nf3 Nf6 2. c4 c5 3. d4 cxd4 4. Nxd4 g6 5. g3 Bg7 6. Bg2 O-O 7. O-O Nc6 8.
Nc2 d6 9. Nc3 Be6 10. b3 Qd7 11. Re1 Rfe8 12. Bb2 Rac8 13. Qd2 Bh3 14. Bh1 Qf5
15. Ne3 Qa5 16. Rad1 Bh6 17. Qd3 Ne5 18. Qd4 Nc6 19. Qh4 Qh5 20. Qxh5 Nxh5 21.
Ncd5 Bg7 22. Bxg7 Nxg7 23. g4 h5 24. f3 hxg4 25. fxg4 f5 26. g5 Ne6 27. Kf2 f4
28. Ng2 Bxg2 29. Bxg2 Nxg5 30. Nxf4 Rf8 31. Kg3 Rf6 32. h4 Nh7 33. Bd5+ Kg7 34.
Rh1 Nf8 35. e3 e5 36. Nh3 Rc7 37. Ng5 Ne7 38. Ne4 Nxd5 39. Rxd5 Re6 40. Nxd6
Nd7 41. Nb5 Rec6 42. Nxc7 Rxc7 43. Rhd1 Nf6 44. Rxe5 Nh5+ 45. Kg2 Rf7 46. Rd6
1-0

[Event "Bünde- Oberhausen"]
[Site "?"]
[Date "2022.11.06"]
[Round "4.8"]
[White "Konovalov, Kiril"]
[Black "Voge, Andreas"]
[Result "1/2-1/2"]
[WhiteElo "1775"]
[BlackElo "2054"]
[Annotator "daniel"]
[PlyCount "80"]
[SourceVersionDate "2023.06.22"]

1. e4 c5 2. Nf3 d6 3. d4 cxd4 4. Nxd4 Nf6 5. Nc3 a6 6. Be3 Ng4 7. Bg5 h6 8. Bh4
g5 9. Bg3 Bg7 10. h3 Nf6 11. Qd2 Nc6 12. Nb3 Be6 13. O-O-O b5 14. f3 Rc8 15.
Nd5 Nh5 16. Bf2 Bxd5 17. exd5 Ne5 18. Nd4 Nf4 19. g3 Nfg6 20. f4 gxf4 21. gxf4
Nc4 22. Bxc4 Rxc4 23. Rhg1 Bf6 24. Nc6 Qd7 25. Bd4 Qf5 26. b3 Rxd4 27. Nxd4
Qxd5 28. f5 Ne5 29. Qg2 Qxg2 30. Rxg2 Kd7 31. Ne2 Rc8 32. Kb1 Rc5 33. Ng3 Rc3
34. Ne4 Rxh3 35. Nxf6+ exf6 36. Rgd2 Rf3 37. Rxd6+ Ke7 38. Rxa6 Rxf5 39. Rb6
Ng4 40. Rb7+ Ke6 {Rest unleserlich! Remis nach 67 Zügen.} 1/2-1/2

[Event "Bochum- Langenfeld"]
[Site "?"]
[Date "2022.11.06"]
[Round "4.1"]
[White "Kurth, Justus"]
[Black "Zatonskih, Anna"]
[Result "1/2-1/2"]
[WhiteElo "2262"]
[BlackElo "2340"]
[PlyCount "35"]
[SourceVersionDate "2023.06.22"]

1. Nf3 d5 2. d4 Nf6 3. c4 e6 4. g3 Bb4+ 5. Bd2 a5 6. Bg2 O-O 7. Qc2 c5 8. Bxb4
axb4 9. dxc5 Qa5 10. O-O Qxc5 11. Nbd2 b5 12. b3 Ba6 13. Rfc1 Rc8 14. Ne1 bxc4
15. bxc4 Qe7 16. Qb2 Nc6 17. Nd3 Rab8 18. cxd5 1/2-1/2